Ancient Futures: Learning From Ladakh (Record no. 220266)
[ view plain ]
| 000 -LEADER | |
|---|---|
| fixed length control field | 02151nam a22002537a 4500 |
| 005 - DATE AND TIME OF LATEST TRANSACTION | |
| control field | 20211028153936.0 |
| 008 - FIXED-LENGTH DATA ELEMENTS--GENERAL INFORMATION | |
| fixed length control field | 211028b ||||| |||| 00| 0 eng d |
| 020 ## - INTERNATIONAL STANDARD BOOK NUMBER | |
| International Standard Book Number | 0871565595 |
| 040 ## - CATALOGING SOURCE | |
| Transcribing agency | AL |
| 041 ## - LANGUAGE CODE | |
| Language code of text/sound track or separate title | eng |
| 082 ## - DEWEY DECIMAL CLASSIFICATION NUMBER | |
| Edition number | 23 |
| Classification number | 307.14 |
| Item number | NORA |
| 100 ## - MAIN ENTRY--PERSONAL NAME | |
| Personal name | Helena Norberg-Hodge |
| 9 (RLIN) | 9224 |
| 245 ## - TITLE STATEMENT | |
| Title | Ancient Futures: Learning From Ladakh |
| 260 ## - PUBLICATION, DISTRIBUTION, ETC. | |
| Place of publication, distribution, etc. | San Francisco |
| Name of publisher, distributor, etc. | Sierra Club Books |
| Date of publication, distribution, etc. | 1991 |
| 300 ## - PHYSICAL DESCRIPTION | |
| Extent | xviiii,294 p. |
| Other physical details | HB |
| Dimensions | 23x16 cm. |
| 520 ## - SUMMARY, ETC. | |
| Summary, etc. | Ladakh, or 'Little Tibet', is a wildly beautiful desert land up in the Western Himalayas. It is a place of few resources and an extreme climate. Yet for more than a thousand years, it has been home to a thriving culture. Traditions of frugality and cooperation, coupled with an intimate and location-specific knowledge of the environment, enabled the Ladakhis not only to survive, but to prosper. Everyone had enough to eat; families and communities were strong; the status of women was high. Then came 'development'. Now in the modern sector one finds pollution and divisiveness, inflation and unemployment, intolerance and greed. Centuries of ecological balance and social harmony are under threat from pressures of Western consumerism.<br/>Ancient Futures is much more than a book about Ladakh. Passionately argued, it raises important questions about the whole notion of progress, and explores the root causes of the malaise of industrial society. At the same time, the story of Ladakh serves as a source of inspiration for our own future. It shows us that another way is possible, and points to some of the first steps towards kinder, gentler patterns of living. |
| Uniform Resource Identifier | <a href="https://shikshantar.org/sites/default/files/PDF/Helena%20Norberg-Hodge_%20H.H.%20The%20Dalai%20Lama%20(Foreword)_%20Peter%20Mathiessen%20(Introduction)-Ancient%20Futures_%20Lessons%20from%20Ladakh%20for%20a%20Globalizing%20World-Sierra%20Club_Counterpoint%20(2009).pdf">https://shikshantar.org/sites/default/files/PDF/Helena%20Norberg-Hodge_%20H.H.%20The%20Dalai%20Lama%20(Foreword)_%20Peter%20Mathiessen%20(Introduction)-Ancient%20Futures_%20Lessons%20from%20Ladakh%20for%20a%20Globalizing%20World-Sierra%20Club_Counterpoint%20(2009).pdf</a> |
| 650 ## - SUBJECT ADDED ENTRY--TOPICAL TERM | |
| Topical term or geographic name entry element | Communities |
| 9 (RLIN) | 9225 |
| 650 ## - SUBJECT ADDED ENTRY--TOPICAL TERM | |
| Topical term or geographic name entry element | Rural Development Projects |
| 9 (RLIN) | 9226 |
| 650 ## - SUBJECT ADDED ENTRY--TOPICAL TERM | |
| Source of heading or term | Appropriate Technology |
| 650 ## - SUBJECT ADDED ENTRY--TOPICAL TERM | |
| Topical term or geographic name entry element | Rural Conditions |
| 9 (RLIN) | 9227 |
| 651 ## - SUBJECT ADDED ENTRY--GEOGRAPHIC NAME | |
| Geographic name | India-Ladakh |
| 9 (RLIN) | 9228 |
| 700 ## - ADDED ENTRY--PERSONAL NAME | |
| Personal name | NORBERG-HODGE (Helena) |
| 9 (RLIN) | 9229 |
| 942 ## - ADDED ENTRY ELEMENTS (KOHA) | |
| Source of classification or shelving scheme | Dewey Decimal Classification |
| Koha item type | George Fernandes Collections |
| Withdrawn status | Lost status | Source of classification or shelving scheme | Damaged status | Not for loan | Collection code | Home library | Current library | Date acquired | Total Checkouts | Full call number | Barcode | Date last seen | Price effective from | Koha item type |
|---|---|---|---|---|---|---|---|---|---|---|---|---|---|---|
| Dewey Decimal Classification | Sociology | St Aloysius Library | St Aloysius Library | 03/24/2013 | 307.14 NORA | GF00828 | 10/28/2021 | 10/28/2021 | George Fernandes Collections |